Best to worst Superbowl losing QB's - Statistics

General Stats
  • This quiz has been taken 70 times
    43 since last reset
  • The average score is 21 of 47
Answer Stats
QB % Correct
Tom Brady
94%
Patrick Mahomes
86%
Peyton Manning
86%
Russell Wilson
83%
Dan Marino
77%
Matt Ryan
74%
Cam Newton
71%
Jalen Hurts
69%
Ben Roethlisberger
66%
Brett Favre
66%
Brock Purdy
66%
Jared Goff
63%
Kurt Warner
63%
Roger Staubach
63%
Donovan McNabb
60%
Joe Burrow
60%
John Elway
60%
Jim Kelly
57%
Colin Kaepernick
51%
Fran Tarkenton
51%
Jimmy Garoppolo
49%
Bob Griese
43%
Len Dawson
43%
Steve McNair
43%
Bart Starr
40%
Drew Bledsoe
40%
Joe Theismann
37%
Kerry Collins
37%
Matt Hasselbeck
34%
Rex Grossman
34%
Rich Gannon
34%
Boomer Esiason
31%
Jake Delhomme
29%
Craig Morton
26%
Ken Anderson
26%
Ron Jaworski
26%
Tony Eason
26%
Earl Morrall
23%
Jim Plunkett
23%
Chris Chandler
20%
Stan Humphries
20%
Daryle Lamonica
17%
Joe Kapp
17%
Vince Ferragamo
14%
Billy Kilmer
11%
David Woodley
11%
Neil O'Donnell
11%
No matching quizzes found
Score Distribution
Percent of People with Each Score
Percentile by Number Answered
Your Score History
You have not taken this quiz since the last reset